| 000 | 00472nam a22001697a 4500 | ||
|---|---|---|---|
| 003 | CEME | ||
| 005 | 20210628204253.0 | ||
| 008 | 210218b xxu||||| |||| 00| 0 eng d | ||
| 040 | _c. | ||
| 082 | _a539.2 JOR'E | ||
| 100 |
_aBalmam, Keith G Jordan, Edward C _969632 |
||
| 245 | _aElectromagnetic waves and radiating system | ||
| 260 |
_aNEW JERSCY _bPRENTICE HALL _c1968 |
||
| 300 | _a753P | ||
| 650 |
_aELECTROMAGNETIC WAVES.RADIATING SYSTEM _969633 |
||
| 942 |
_cBK _2ddc |
||
| 999 |
_c576837 _d576837 |
||